000 00830nam a2200265Ia 4500
003 OSt
005 20220925205813.0
006 a|||||r|||| 00| 0
007 ta
008 220923b |||||||| |||| 00| 0 eng d
020 _a8185194009
037 _cGeneral Book
040 _aRTL
_cRTL
_beng
041 _2eng
_aeng
082 _aX:75.216:N8, M8
100 _aReddy Y Venugopal
_919780
245 0 _aMultilevel planning in India
_bProcesses and perce
260 _aHyderabad
_bBooklinks Corporation India
_c1988
300 _axlvi,559p
_ccm.
490 _aCentre for Economic and Social Studies, Research Studies, 6.
650 _aPlanned Economy-India
700 _a Kosal Ram E
_9271072
942 _hX:75.216:N8, M8
_cGB
_2CC
999 _c553265
_d553265